Aplicación del SIMOP a las mejoras del acueducto de Alajuela
Uloženo v:
| Hlavní autor: | |
|---|---|
| Médium: | Kniha |
| Vydáno: |
San José, Costa Rica
1990
|
| Témata: | |
| Tagy: |
Přidat tag
Žádné tagy, Buďte první, kdo vytvoří štítek k tomuto záznamu!
|
MARC
| LEADER | 00000nam a2200000Ia 4500 | ||
|---|---|---|---|
| 003 | 004929 | ||
| 005 | 20221231144334.0 | ||
| 008 | 140114s1990 cr a m 000 ||s d | ||
| 040 | |c cru CEDI | ||
| 090 | |a TFG 2318 | ||
| 100 | |a Solís Solís, Rosaira |9 13113 | ||
| 245 | |a Aplicación del SIMOP a las mejoras del acueducto de Alajuela | ||
| 260 | |c 1990 |a San José, Costa Rica | ||
| 300 | |a 112 hojas : ilustraciones ; 18 cm. | ||
| 500 | |a Proyecto de graduación (licenciatura en ingeniería civil)--Universidad de Costa Rica. Facultad de Ingeniería. Escuela de Ingeniería Civil | ||
| 650 | |x ACUEDUCTOS |x SUMINISTRO DE AGUA - ALAJUELA (COSTA RICA) |9 13112 | ||
| 942 | |c TFG | ||
| 999 | |c 20403 |d 20403 | ||
